Mathematical logic and formal systems : a collection of papers in honor of Professor Newton C.A. da Costa /

Bibliographic Details
Other Authors: Costa, Newton C. A. da, Alcantara, Luiz Paulo de, 1944-
Format: Book
Language:English
French
Published: New York : M. Dekker, [1985]
Series:Lecture notes in pure and applied mathematics ; v. 94.
Subjects:

MARC

Tag First Indicator Second Indicator Subfields
LEADER 00000pam a2200000 a 4500
001 in00000577102
005 20151014060226.0
008 841121s1985 nyuc b 00100 eng
010 |a  84025984  
020 |a 0824773306 (pbk.) 
035 |a (OCoLC)11496935 
035 |9 ACM7042AM 
039 0 |a 2  |b 3  |c 3  |d 3  |e 3 
040 |a DLC  |c DLC  |d TXA  |d UtOrBLW 
041 0 |a eng  |a fre 
049 |a TXAM  |c [A08466516] 
050 0 0 |a QA9.2  |b .M38 1985 
082 0 |a 511.3  |2 19 
245 0 0 |a Mathematical logic and formal systems :  |b a collection of papers in honor of Professor Newton C.A. da Costa /  |c edited by Luiz Paulo de Alcantara. 
264 1 |a New York :  |b M. Dekker,  |c [1985] 
264 4 |c ©1985 
300 |a xiv, 297 pages :  |b portrait ;  |c 26 cm. 
336 |a text  |b txt  |2 rdacontent 
337 |a unmediated  |b n  |2 rdamedia 
338 |a volume  |b nc  |2 rdacarrier 
490 1 |a Lecture notes in pure and applied mathematics ;  |v v. 94 
500 |a English and French. 
504 |a Includes bibliographies and index. 
600 1 0 |a Costa, Newton C. A. da. 
650 0 |a Logic, Symbolic and mathematical. 
700 1 |a Costa, Newton C. A. da. 
700 1 |a Alcantara, Luiz Paulo de,  |d 1944- 
830 0 |a Lecture notes in pure and applied mathematics ;  |v v. 94. 
999 |a MARS 
999 f f |s 3006d7a2-9e44-3d56-9fa4-9c12f45dee47  |i 4ddaaf1f-42da-3993-ace4-968a6b09089a  |t 0 
952 f f |p ric  |a Texas A&M University  |b Rellis Campus  |c Joint Library Facility  |d Remote Storage  |t 0  |e QA9.2 .M38 1985  |h Library of Congress classification  |i unmediated -- volume  |m A14808466516 
998 f f |a QA9.2 .M38 1985  |t 0  |l Remote Storage